000
00272nam a2200121Ia 4500
008
190216s9999||||xx |||||||||||||| ||und||
100
_a
Malvini
245
0
_a
Digital Computer And Electronics
260
_b
Tmh Edition
300
_a
334p
650
_a
Computer
942
_c
BK
999
_c
8339
_d
8339